Reflections on finance, education and society (Record no. 343997)

000 -LEADER
fixed length control field 00415cam a22001457a 4500
008 - FIXED-LENGTH DATA ELEMENTS--GENERAL INFORMATION
fixed length control field 180718b1972 xxu||||| |||| 00| 0 eng d
082 ## - DEWEY DECIMAL CLASSIFICATION NUMBER
Classification number Lx54 D459
100 ## - MAIN ENTRY--PERSONAL NAME
Personal name Deshmukh, C.D.
245 ## - TITLE STATEMENT
Title Reflections on finance, education and society
Statement of responsibility, etc. by C.D. Deshmukh
260 ## - PUBLICATION, DISTRIBUTION, ETC.
Place of publication, distribution, etc. Delhi
Name of publisher, distributor, etc. Motilal Banarsides
Date of publication, distribution, etc. 1972
300 ## - PHYSICAL DESCRIPTION
Extent 405p.
500 ## - GENERAL NOTE
General note Rs.35.00
650 ## - SUBJECT ADDED ENTRY--TOPICAL TERM
Topical term or geographic name entry element Education - India
650 ## - SUBJECT ADDED ENTRY--TOPICAL TERM
Topical term or geographic name entry element Finance, Public - India
Holdings
Withdrawn status Lost status Damaged status Not for loan Permanent Location Current Location Date acquired Full call number Barcode Date last seen Price effective from Koha item type
        Indian Institute of Public Administration Indian Institute of Public Administration 1993-10-01 Lx54 D459 47342 2018-07-21 2018-07-21 Book

Powered by Koha